Starting your own business: how to make success of going it alone (Record no. 76748)

MARC details
000 -LEADER
fixed length control field 00784nam a2200169 a 4500
008 - FIXED-LENGTH DATA ELEMENTS--GENERAL INFORMATION
fixed length control field 120416s1988 ||||||||||||||||| || u
050 ## - LIBRARY OF CONGRESS CALL NUMBER
Classification number HD 62.7 Sta
245 00 - TITLE STATEMENT
Title Starting your own business: how to make success of going it alone
Statement of responsibility, etc. edited by Edith Rudinger
250 ## - EDITION STATEMENT
Edition statement rev. ed.
260 ## - PUBLICATION, DISTRIBUTION, ETC.
Place of publication, distribution, etc. London
Name of publisher, distributor, etc. Consumer's Association and Hodder & Stou
Date of publication, distribution, etc. 1988
300 ## - PHYSICAL DESCRIPTION
Extent 239p. : ill
350 ## -
-- 0.00
650 #0 - SUBJECT ADDED ENTRY--TOPICAL TERM
Topical term or geographic name entry element BUSINESS
650 ## - SUBJECT ADDED ENTRY--TOPICAL TERM
Topical term or geographic name entry element SMALL BUSINESS--GREAT BRITAIN
995 ## -
-- MAIN LIBRARY OPEN ACCESS
-- 0.00
-- 722081
-- CBU-MAIN LIBRARY (Kitwe)
-- 2
-- 7.95
-- HD 62.7 Sta
-- 1
-- AVAILABLE
-- 003853
-- Main Library Open Access Collection
995 ## -
-- MAIN LIBRARY OPEN ACCESS
-- 0.00
-- 722082
-- CBU-MAIN LIBRARY (Kitwe)
-- 1
-- 7.95
-- HD 62.7 Sta
-- 2
-- AVAILABLE
-- 025595
-- Main Library Open Access Collection
999 ## -
-- 76748
-- 76748
Holdings
Withdrawn status Lost status Source of classification or shelving scheme Damaged status Not for loan Permanent Location Current Location Shelving location Date acquired Total Checkouts Full call number Barcode Date last seen Copy number Price effective from Koha item type
          CBU-MAIN LIBRARY, KITWE. CBU-MAIN LIBRARY, KITWE.   04/25/2023   HD 62.7 Sta 003853 04/25/2023 1 04/25/2023 MONOGRAPH
          CBU-MAIN LIBRARY, KITWE. CBU-MAIN LIBRARY, KITWE.   04/25/2023   HD 62.7 Sta 025595 04/25/2023 2 04/25/2023 MONOGRAPH